Zkušenosti úspěšných podnikatelů

Salvato in:
Dettagli Bibliografici
Autore principale: Janeček, František
Natura: Libro
Lingua:ceco
Pubblicazione: Praha UTRIN 1990
Edizione:1. vyd.
Tags: Aggiungi Tag
Nessun Tag, puoi essere il primo ad aggiungerne!!

MARC

LEADER 00000nam a2200000 4500
001 c024296
005 20221215121120.6
041 0 |a cze 
044 |a CZ 
245 1 0 |a Zkušenosti úspěšných podnikatelů  |c František Janeček 
250 |a 1. vyd. 
264 1 |a Praha  |b UTRIN  |c 1990 
300 |a 33 s. 
100 1 |a Janeček, František